[Event "SVK-ch U18"]
[Site "Topolcianky"]
[Date "1997.??.??"]
[Round "6"]
[White "Banas, Kamil"]
[Black "Hrivnak, Martin"]
[Result "0-1"]
[WhiteElo "2045"]
[BlackElo "2155"]

1.Nf3 Nf6 2.g3 g6 3.c4 Bg7 4.Bg2 O-O 5.O-O c5 6.Nc3 Nc6 7.d4 cxd4 8.Nxd4 d6
9.Nxc6 bxc6 10.Bxc6 Bh3 11.Bg2 Bxg2 12.Kxg2 Qc7 13.Qd3 Rfc8 14.Bd2 Qxc4 15.Qxc4 Rxc4
16.b3 Rc6 17.Rac1 Rac8 18.Nb5 a6 19.Rxc6 Rxc6 20.Nd4 Rc5 21.Rc1 Ne4 22.Rxc5 dxc5
23.Nf3 Kf8 24.e3 Ke8 25.Ba5 Kd7 26.Nd2 Nxd2 27.Bxd2 Kc6 28.Kf3 c4 29.Bb4 cxb3
30.axb3 e6 31.Ke4 f5+ 32.Kd3 Be5 33.h3 h5 34.Kc4 g5 35.Be1 g4 36.h4 Bc7 37.Kd4 e5+
38.Kc4 f4 39.Bd2 f3 40.Be1 Bd8 41.Kd3 Kd5 42.e4+ Kc6 43.Bd2 Bb6 44.Be3 Bxe3
45.Kxe3 Kb5 46.Kd3 Kb4 47.Kc2 a5 48.Kb2 a4 49.bxa4 Kxa4 50.Kc3 Ka3 51.Kc4 Kb2
52.Kd5 Kc2 53.Kxe5 Kd2 54.Kf4 Ke2 55.e5 Kxf2 56.e6 Kg2 57.e7 f2 58.e8=Q f1=Q+
59.Kg5 Kxg3 60.Kxh5 Qf5+ 61.Kh6 Kh3 62.h5 g3 63.Kg7 Qg5+ 64.Kh7 g2 65.Qe6+ Kh2
66.Qe2 Kh1 67.Qf3 Kh2 68.Qe2 Kh3 69.Qe6+ Qg4 70.Qe3+ Kh2 71.h6 g1=Q 72.Qxg1+ Kxg1
73.Kh8 Qd4+  0-1

[Event "Jarleslaget op"]
[Site "Trondheim"]
[Date "1997.??.??"]
[Round "3"]
[White "Davies, Nigel R"]
[Black "Kristensen, Bjarke"]
[Result "1-0"]
[WhiteElo "2505"]
[BlackElo "2430"]

1.Nf3 Nf6 2.c4 g6 3.g3 Bg7 4.Bg2 O-O 5.O-O d6 6.d4 Nbd7 7.Nc3 e5 8.e4 exd4
9.Nxd4 Re8 10.h3 a6 11.Re1 Rb8 12.a4 a5 13.Ndb5 Ne5 14.b3 Nfd7 15.Ra2 Nc5
16.Rd2 Bd7 17.Bb2 Bxh3 18.Bxh3 Nxb3 19.Rd5 c6 20.Rxe5 Rxe5 21.Qxb3 cxb5 22.cxb5 Rh5
23.Bg2 Qf6 24.Rb1 Rc5 25.Nd5 Qe6 26.Ba3 Rcc8 27.Qd3 Rd8 28.Qd2 h5 29.Bb2 Bxb2
30.Qxb2 Qe5 31.Qd2 Rdc8 32.f4 Qe6 33.Re1 Rc4 34.e5 Kg7 35.f5  1-0

[Event "Tunis op"]
[Site "Tunis"]
[Date "1997.??.??"]
[Round "2"]
[White "Antunes, Antonio"]
[Black "Izeta Txabarri, Felix"]
[Result "1-0"]
[WhiteElo "2490"]
[BlackElo "2525"]

1.Nf3 Nf6 2.c4 g6 3.g3 Bg7 4.Bg2 O-O 5.d4 d6 6.O-O Nc6 7.Nc3 a6 8.d5 Na5
9.Nd2 c5 10.Qc2 Rb8 11.b3 b5 12.Bb2 bxc4 13.bxc4 Bh6 14.f4 e5 15.dxe6 Bxe6
16.Nd5 Rxb2 17.Qxb2 Bg7 18.Qc1 Bxd5 19.cxd5 Ng4 20.Rb1 Bd4+ 21.Kh1 Ne3 22.Qa3 Re8
23.Qd3 Qa8 24.Bf3 Nxf1 25.Nxf1 Rb8 26.Rxb8+ Qxb8 27.Qxa6 Qc7 28.e3 Bf6 29.Nd2 c4
30.Ne4 Be7 31.Nc3 Qc5 32.Kg2 Kg7 33.e4 Qb4 34.Ne2 Bf6 35.e5 dxe5 36.d6 exf4
37.Nxf4 Qd2+ 38.Kh3 Qf2 39.Bd5 Qc5 40.Qa8 Qxd6 41.Qxa5 c3 42.Qa4 Be5 43.Bb3 h5
44.Qe4 Qd7+ 45.Kg2 Qd2+ 46.Ne2 Qd6 47.a4 f5 48.Qd5 Qe7 49.a5 Kh6 50.a6 Bf6
51.Qe6 Qd8 52.Bd5 Qa5 53.a7  1-0

[Event "ROM-chT"]
[Site "Tusnad"]
[Date "1997.??.??"]
[Round "?"]
[White "Istrate, Bogdan"]
[Black "Vajda, Levente"]
[Result "0-1"]
[WhiteElo "2345"]
[BlackElo "2435"]

1.Nf3 Nf6 2.c4 g6 3.g3 Bg7 4.Bg2 O-O 5.O-O d6 6.d4 Nbd7 7.Nc3 e5 8.b3 Re8
9.e3 c6 10.Bb2 a6 11.a4 exd4 12.Nxd4 a5 13.Qc2 Nc5 14.Rad1 Bg4 15.f3 Bd7
16.e4 Qb6 17.Kh1 Rad8 18.Rfe1 Bc8 19.Bc1 h6 20.Be3 Nh7 21.Nce2 Nf8 22.Nc1 Qc7
23.Qf2 b6 24.Rd2 Bb7 25.Red1 Qe7 26.Bf4 d5 27.cxd5 cxd5 28.exd5 Rxd5 29.Nb5 Rxd2
30.Qxd2 Nfe6 31.Bd6 Qf6 32.Bxc5 Nxc5 33.Nd6 Rd8 34.Ne4 Qd4 35.Qxd4 Rxd4 36.Rxd4 Bxd4
37.Nxc5 Bxc5 38.f4 Bc8 39.Bd5 Bh3 40.Ne2 Kf8 41.Ng1 Bf5 42.Kg2 Ke7 43.Ne2 f6
44.Kf3 Bc2 45.Bc4 f5 46.Nc1 Be4+ 47.Ke2 g5 48.Nd3 Bd4 49.fxg5 hxg5 50.h4 f4
51.gxf4 gxh4 52.Nf2 Bxf2 53.Kxf2 Kf6 54.Kg1 Kf5 55.Kh2 Kxf4 56.Kh3 Kg5 57.Be2 Bf5+
58.Kg2 Kf4 59.Kf2 Be6 60.Bd1 Bd5  0-1

[Event "ROM-chT"]
[Site "Tusnad"]
[Date "1997.??.??"]
[Round "?"]
[White "Grunberg, Sergiu Henric"]
[Black "Vasiesiu, Dan"]
[Result "1-0"]
[WhiteElo "2390"]
[BlackElo "2420"]

1.Nf3 Nf6 2.c4 g6 3.g3 Bg7 4.Bg2 O-O 5.O-O d5 6.d4 dxc4 7.Na3 c3 8.bxc3 c5
9.Nc4 Nc6 10.Nfe5 Be6 11.Nxc6 bxc6 12.Qd3 Nd5 13.Bd2 Qc8 14.Na5 Bd7 15.Rab1 e5
16.dxc5 Nf6 17.Rfd1 Bf5 18.e4 Bh3 19.Nxc6 Qxc6 20.Bxh3 Rad8 21.Qc4 Qxe4 22.Qxe4 Nxe4
23.Be3 f5 24.Rxd8 Rxd8 25.Bf1 f4 26.gxf4 exf4 27.Bc4+ Kh8 28.Bxf4 Nxc5 29.Be3 Ne4
30.Bxa7 Nd2 31.Rb4 Bxc3 32.Ra4 g5 33.Be2 Bf6 34.Be3 Nb1 35.Ra7 Nc3 36.Bf3 g4
37.Bc6 Rd1+ 38.Kg2 Ne2 39.f3 Nd4 40.Rf7 gxf3+ 41.Bxf3 Nxf3 42.Rxf6 Nh4+ 43.Kf2 Kg7
44.Ra6 h5 45.a4 Ng6 46.Bg5 Rd5 47.Ra7+ Kf8 48.h4 Rd4 49.a5 Nxh4 50.a6  1-0

[Event "ROM-chT"]
[Site "Tusnad"]
[Date "1997.??.??"]
[Round "?"]
[White "Foisor, Ovidiu"]
[Black "Istratescu, Andrei"]
[Result "0-1"]
[WhiteElo "2440"]
[BlackElo "2545"]

1.c4 Nf6 2.Nf3 g6 3.g3 Bg7 4.Bg2 O-O 5.O-O d6 6.Nc3 Nc6 7.Rb1 a5 8.a3 e5
9.d3 h6 10.b4 axb4 11.axb4 Be6 12.Nd2 d5 13.b5 Ne7 14.Na4 b6 15.Ba3 Re8 16.Bxe7 Qxe7
17.Qc2 e4 18.dxe4 dxe4 19.e3 Bf5 20.Nc3 Rad8 21.Nb3 Rd3 22.Ne2 g5 23.Ned4 Bg6
24.Nc6 Qd6 25.c5 Qd7 26.Rfc1 Nd5 27.cxb6 cxb6 28.Nbd4 h5 29.Qc4 h4 30.Ra1 hxg3
31.hxg3 Qd6 32.Ra7 Kh8 33.g4 Nxe3 34.fxe3 Qg3 35.Ne2 Qxe3+ 36.Kf1 Re6 37.Ne7 Rf6+  0-1

[Event "Ubeda op"]
[Site "Ubeda"]
[Date "1997.??.??"]
[Round "1"]
[White "Nogueiras, Jesus"]
[Black "Del Rey, Diego"]
[Result "1-0"]
[WhiteElo "2545"]
[BlackElo "2325"]

1.Nf3 Nf6 2.c4 g6 3.g3 Bg7 4.Bg2 O-O 5.Nc3 d6 6.O-O e5 7.d3 h6 8.Rb1 Re8
9.b4 e4 10.Ne1 exd3 11.Nxd3 Nc6 12.Bb2 Bf5 13.a3 Qc8 14.Nd5 Ne5 15.Nxe5 dxe5
16.Nxf6+ Bxf6 17.e4 Be6 18.Qc2 Bg7 19.f4 exf4 20.Bxg7 Kxg7 21.gxf4 f5 22.Rbd1 Rb8
23.Rfe1 Kh7 24.Qc3 fxe4 25.Rxe4 Bf5 26.Re5 Rxe5 27.Qxe5 c6 28.Be4 Qe8 29.Bxf5 Qxe5
30.fxe5 gxf5 31.Kf2 Kg6 32.Ke3 a5 33.Kf4 axb4 34.axb4 Rf8 35.Rd6+ Kh5 36.e6  1-0

[Event "Ubeda op"]
[Site "Ubeda"]
[Date "1997.??.??"]
[Round "5"]
[White "Nogueiras, Jesus"]
[Black "Rohl, Juan"]
[Result "1-0"]
[WhiteElo "2545"]
[BlackElo "2415"]

1.Nf3 Nf6 2.c4 g6 3.g3 Bg7 4.Bg2 O-O 5.Nc3 d6 6.O-O Nc6 7.d3 e5 8.Rb1 a5
9.a3 h6 10.b4 axb4 11.axb4 Be6 12.Nd2 Rb8 13.Ba3 Qd7 14.Re1 Ne7 15.b5 Nh5
16.c5 dxc5 17.Bxc5 Rfd8 18.Qc2 Nd5 19.Nxd5 Bxd5 20.Bxd5 Qxd5 21.Rec1 Ra8
22.Be3 Re8 23.Qc4 Qd7 24.Ne4 Rab8 25.Ra1 Kh7 26.Nc5 Qh3 27.Qxf7 Rf8 28.Qd7 Rf5
29.Ne4  1-0

[Event "JUG Cup"]
[Site "Ulcinj"]
[Date "1997.??.??"]
[Round "?"]
[White "Paunovic, Dragan"]
[Black "Ilincic, Zlatko"]
[Result "0-1"]
[WhiteElo "2495"]
[BlackElo "2565"]

1.Nf3 Nf6 2.c4 g6 3.g3 Bg7 4.Bg2 O-O 5.d4 d6 6.O-O Nbd7 7.Qc2 e5 8.Rd1 Qe7
9.Nc3 c6 10.e4 exd4 11.Nxd4 Ne5 12.Qe2 a6 13.h3 Rb8 14.a4 Re8 15.Be3 h5 16.Re1 c5
17.Nc2 Be6 18.Nd5 Nxd5 19.cxd5 Bc8 20.f4 Nd7 21.Qd2 Bxb2 22.Rab1 Bg7 23.Na3 Qf8
24.Bf2 b6 25.Rb3 Kh7 26.Kh2 Nf6 27.Nc4 b5 28.axb5 Rxb5 29.Rxb5 axb5 30.Nxd6 Qxd6
31.e5 Qd8 32.exf6 Rxe1 33.Qxe1 Bf8 34.Qe2 b4 35.Be4 Qxf6 36.Qxh5+ Kg8 37.Qe5 Qd8
38.Qb8 Qd7 39.f5 gxf5 40.Bf3 Bd6 41.Qb6 c4 42.Bc5 Bxc5 43.Qxc5 b3 44.Qxc4 b2
45.Qb4 Qb7 46.Qh4 Qb6  0-1

[Event "JUG Cup"]
[Site "Ulcinj"]
[Date "1997.??.??"]
[Round "?"]
[White "Paunovic, Dragan"]
[Black "Arsovic, Zoran"]
[Result "1/2-1/2"]
[WhiteElo "2495"]
[BlackElo "2425"]

1.Nf3 Nf6 2.c4 g6 3.g3 Bg7 4.Bg2 O-O 5.O-O d6 6.d4 c6 7.Nc3 Qa5 8.h3 e5 9.e4 Nbd7
10.Re1 exd4 11.Nxd4 Ne5 12.Bf1 Re8 13.Be3 Be6 14.Nxe6 Rxe6 15.Kg2 Rae8 16.f3 a6
17.a3 b5 18.b4 Qd8 19.cxb5 axb5 20.Bf2 Nc4 21.Bxc4 bxc4 22.Ne2 Qa8 23.Nf4 R6e7
24.Qxd6 Nd7 25.Ra2 Ne5 26.Qd1 Rd7 27.Qe2 Qa4 28.Qc2 Qxc2 29.Rxc2 Ra8 30.Re3 Bh6
31.Rec3 Rd1 32.Ne2 Bd2 33.f4 Bxc3 34.Nxc3 Rd3 35.fxe5 Rxa3 36.Be1 Rb3 37.Kf2 Rxb4
38.Ne2 Ra4 39.Bc3 g5 40.Bd4 c3 41.Bxc3 Rc4  1/2-1/2

[Event "Viareggio op"]
[Site "Viareggio"]
[Date "1997.??.??"]
[Round "?"]
[White "Sarno, Spartaco"]
[Black "Beggi, Pierluigi"]
[Result "1-0"]
[WhiteElo "2430"]
[BlackElo "2200"]

1.c4 Nf6 2.Nf3 g6 3.g3 Bg7 4.Bg2 O-O 5.O-O c5 6.d4 cxd4 7.Nxd4 Nc6 8.Nc2 d6
9.Nc3 Ng4 10.Bd2 Nge5 11.b3 Be6 12.h3 a5 13.Ne3 Nd7 14.Rb1 Nc5 15.Ned5 Bf5
16.e4 Bd7 17.Kh2 Nb4 18.Bg5 Nxd5 19.Nxd5 f6 20.Be3 b6 21.Qd2 Rb8 22.Rfe1 Bc6
23.Rbd1 Kh8 24.Bd4 Rf7 25.f4 e6 26.Nc3 Rd7 27.f5 e5 28.Be3 g5 29.Bf3 Qe7
30.Qg2 Rg8 31.Bh5 Bf8 32.Rd2 Qd8 33.Red1 Qa8 34.Nd5 Bxd5 35.cxd5 Qa7 36.Rc2 Bg7
37.Bg1 Rc7 38.Rdc1 Rgc8 39.Qe2 Nd7 40.Rxc7 Rxc7 41.Rc6 Bf8 42.Qb5 Rb7 43.Rc8 Rc7
44.Bxb6 Rb7 45.Bxa7 Rxb5 46.Be8 Kg7 47.Bxd7 Rb7 48.Bf2 Rxd7 49.Ra8  1-0

[Event "AUT-chT qual"]
[Site "Vienna"]
[Date "1997.??.??"]
[Round "2"]
[White "Pfeiffer, Gregor"]
[Black "Holzer, Gerhard"]
[Result "1/2-1/2"]
[WhiteElo "2125"]
[BlackElo "2250"]

1.c4 Nf6 2.g3 g6 3.Bg2 Bg7 4.Nf3 O-O 5.O-O d6 6.Nc3 Nc6 7.Rb1 a6 8.d3 Bd7
9.Bd2 Qc8 10.Re1 Ng4 11.b4 Rb8 12.b5 axb5 13.cxb5 Nd4 14.Nd5 Re8 15.Nxd4 Bxd4
16.e3 Bg7 17.Rc1 c5 18.Nb6 Qd8 19.Nxd7 Qxd7 20.Bh3 f5 21.Qb3+ Kh8 22.Bg2 Rf8
23.Bd5 e5 24.Rf1 Rbe8 25.Bg2 Qe7 26.Qd5 Rb8 27.Bc3 Nf6 28.Qb3 g5 29.Bh3 Nd7
30.f3 f4  1/2-1/2

[Event "Mikenas mem op"]
[Site "Vilnius"]
[Date "1997.??.??"]
[Round "?"]
[White "Rustemov, Alexander"]
[Black "Piesina, Gintautas"]
[Result "1-0"]
[WhiteElo "2550"]
[BlackElo "2390"]

1.Nf3 Nf6 2.c4 g6 3.g3 Bg7 4.Bg2 O-O 5.d4 d6 6.Nc3 Nc6 7.O-O e5 8.d5 Ne7
9.e4 Nd7 10.Ne1 a5 11.Nd3 b6 12.a4 f5 13.f3 h6 14.Ra3 g5 15.f4 exf4 16.gxf4 g4
17.e5 Ba6 18.Nb5 Nc5 19.Nd4 Bxc4 20.Nxc5 bxc5 21.Ne6 Qb8 22.Re1 Rf7 23.Rc3 Ba6
24.Nxg7 Rxg7 25.b3 Qb4 26.Bb2 Ng6 27.Rce3 Re7 28.e6 Qxf4 29.Bf6 Ree8 30.e7 Rab8
31.Kh1 Kf7 32.Qa1 c4 33.bxc4 Bxc4 34.Re6 Ne5 35.Bxe5 dxe5 36.R6xe5 Qf2 37.Qc1 Rb2
38.Rg1 Rc2 39.Qxh6  1-0

[Event "Vsetin op"]
[Site "Vsetin"]
[Date "1997.??.??"]
[Round "?"]
[White "Juricek, Stanislav"]
[Black "Parak, D."]
[Result "1/2-1/2"]
[WhiteElo "2140"]
[BlackElo "1920"]

1.c4 Nf6 2.Nf3 g6 3.g3 Bg7 4.Bg2 O-O 5.Nc3 c6 6.O-O d6 7.d4 Nbd7 8.e4 e5
9.h3 a6 10.dxe5 dxe5 11.Be3 Qc7 12.c5 Rd8 13.Qc2 Nf8 14.Rfd1 Be6 15.Na4 Rxd1+
16.Rxd1 Bxa2 17.b3 Bxb3 18.Qxb3 Nxe4 19.Rb1 Rb8 20.Nxe5 Nxc5 21.Nxc5 Bxe5
22.Nd3 Bd6 23.Ba7 Ra8 24.Qxb7 Rxa7 25.Qxc6 Qxc6 26.Bxc6 Ne6 27.Ra1 a5 28.Ra4 Nc5
29.Nxc5 Bxc5 30.Kf1 Bb4 31.Ra2 Kg7 32.Ke2 Kf6 33.Kd3 Rc7 34.Rc2 Ke5 35.f4+ Kd6
36.Be8 Re7 37.Re2 Ra7 38.Ba4 f6 39.g4 Rc7 40.Rc2 Re7 41.Rc6+ Kd5 42.Rxf6 Rc7  1/2-1/2

[Event "Warsaw-ch"]
[Site "Warsaw"]
[Date "1997.??.??"]
[Round "4"]
[White "Lachowski, Adam"]
[Black "Michniewski, Tomasz"]
[Result "1-0"]
[WhiteElo "2205"]
[BlackElo "2295"]

1.Nf3 Nf6 2.c4 g6 3.g3 Bg7 4.Bg2 O-O 5.O-O c5 6.d4 cxd4 7.Nxd4 Nc6 8.c5 d5
9.cxd6 Nxd4 10.dxe7 Qxe7 11.Qxd4 Qxe2 12.Nc3 Qh5 13.h4 Be6 14.Bxb7 Nd5 15.Qa4 Nxc3
16.bxc3 Rab8 17.Qxa7 Bxc3 18.Ba3 Bxa1 19.Bxf8 Be5 20.Be7 Qe2 21.a4 Qb2 22.Bg2 Bc4
23.Rd1 h5 24.Bc5 Qe2 25.Rc1 Rb2 26.Bf1 Qf3 27.Bxc4 Rb7 28.Qa8+ Kh7 29.Ba6 Bxg3
30.Qxb7  1-0

[Event "Weihnachts op-M 21th"]
[Site "Zuerich"]
[Date "1997.??.??"]
[Round "?"]
[White "Haas, Carmi"]
[Black "Gasser, Klaus"]
[Result "1-0"]
[WhiteElo "2235"]
[BlackElo "2125"]

1.c4 Nf6 2.g3 g6 3.Bg2 Bg7 4.Nf3 O-O 5.O-O d6 6.Nc3 e5 7.d3 c6 8.Rb1 a5 9.a3 Na6
10.b4 axb4 11.axb4 Re8 12.Qc2 Bd7 13.Ba3 Nc7 14.Bb2 Qc8 15.Ne4 Nxe4 16.dxe4 Bh3
17.Rfd1 Bxg2 18.Kxg2 Qe6 19.Ra1 h6 20.Ra3 Rxa3 21.Bxa3 Ra8 22.Bb2 Bf8 23.c5 Na6
24.cxd6 Bxd6 25.Qd2 Bxb4 26.Qxh6 Bf8 27.Qg5 Bg7 28.Rd8+ Rxd8 29.Qxd8+ Bf8
30.Bxe5 Nc5 31.Qh4 Bg7 32.Bxg7 Kxg7 33.Ng5 Qc4 34.Qf4 b5 35.Qe5+ Kf8 36.Qd6+ Kg7
37.Qxc6 b4 38.e5 b3 39.Qf6+ Kf8 40.e6 Qd5+ 41.e4 Qb7 42.e7+  1-0

[Event "Zagreb op"]
[Site "Zagreb"]
[Date "1998.01.04"]
[Round "2"]
[White "Petrov, Jole"]
[Black "Cehic, Goran"]
[Result "1-0"]
[WhiteElo "2335"]
[BlackElo "2150"]

1.Nf3 Nf6 2.g3 g6 3.Bg2 Bg7 4.c4 O-O 5.d4 d5 6.cxd5 Nxd5 7.O-O c5 8.e4 Nf6
9.e5 Nd5 10.dxc5 Nb4 11.Nc3 Nd3 12.Bg5 Nc6 13.Qe2 Nxc5 14.Rfd1 Qa5 15.Nd5 Bg4
16.Nxe7+ Nxe7 17.Bxe7 Rfe8 18.Bd6 Nd7 19.h3 Bxf3 20.Qxf3 Nxe5 21.Qxb7 Nc4
22.Bc7 Qf5 23.g4 Qf6 24.Re1 Qxb2 25.Qxb2 Bxb2 26.Bxa8 Rxa8 27.Rad1 Bf6 28.Re4 Na3
29.Rd7 Nb5 30.Rf4 Ba1 31.Rfxf7 h6 32.a4 Nxc7 33.Rxc7 a6 34.Ra7 Rc8 35.Rfc7 Rxc7
36.Rxc7 a5 37.Rc5  1-0

[Event "Ano Liosia op"]
[Site "Athens"]
[Date "1998.01.09"]
[Round "7"]
[White "Szekely, Peter"]
[Black "Gesos, Pavlos"]
[Result "1/2-1/2"]
[WhiteElo "2475"]
[BlackElo "2395"]

1.Nf3 Nf6 2.c4 g6 3.g3 Bg7 4.Bg2 O-O 5.d4 d5 6.cxd5 Qxd5 7.Nc3 Qh5 8.h3 Qa5
9.O-O c5 10.dxc5 Qxc5 11.Be3 Qa5 12.Qa4 Qxa4 13.Nxa4 Bd7 14.Nc5 Bc6 15.Rfd1 Nbd7
16.Rac1 Rfd8 17.Nxd7 Rxd7 18.Rxd7 Nxd7 19.Nd4 Bxg2 20.Kxg2 Nf8 21.Nf3 Ne6
22.b3 Nf8  1/2-1/2

[Event "CRO-ch (Women)"]
[Site "Pula"]
[Date "1998.01.17"]
[Round "7"]
[White "Medic, Mirjana"]
[Black "Djeno, Mara"]
[Result "1-0"]
[WhiteElo "2275"]
[BlackElo "2180"]

1.Nf3 Nf6 2.c4 g6 3.g3 Bg7 4.Bg2 O-O 5.O-O d6 6.d4 c6 7.Nc3 Nbd7 8.h3 e5
9.e4 exd4 10.Nxd4 Qb6 11.Nde2 Ne8 12.b3 Ne5 13.Be3 Qa5 14.Qc2 f5 15.f4 Nf7
16.exf5 Bxf5 17.Qd2 Rd8 18.g4 Bc8 19.Rad1 Nf6 20.Bd4 Qc7 21.Ng3 a6 22.Nce4 Ne8
23.Bxg7 Kxg7 24.Qc3+ Kg8 25.Kh1 b5 26.f5 Ne5 27.fxg6 Rxf1+ 28.Rxf1 hxg6 29.c5 d5
30.Nd6 Nxd6 31.Qxe5 Ne8 32.Qg5 Ng7 33.Ne2 Be6 34.Nd4 Rf8 35.Rxf8+ Kxf8 36.Qxg6 Bd7
37.Qf6+ Kg8 38.Nf3 Qg3 39.Ne5 Be8 40.h4 Qe1+ 41.Kh2 Qe2 42.h5 Bxh5 43.gxh5 Qxh5+
44.Kg3 Qe2 45.Qf7+ Kh7 46.Qg6+ Kg8 47.Nf3 d4 48.Qxc6 Nf5+ 49.Kh2 Ne3 50.Qg6+ Kf8
51.c6 Ke7 52.Qe4+ Kd6 53.Qxd4+ Kxc6 54.Ne5+ Kc7 55.Qc5+ Kd8  1-0

[Event "CRO-ch (Women)"]
[Site "Pula"]
[Date "1998.01.18"]
[Round "8"]
[White "Bazaj Bockai, Snjezana"]
[Black "Paraminski, Albina"]
[Result "0-1"]
[WhiteElo "2180"]
[BlackElo "2175"]

1.c4 Nf6 2.g3 g6 3.Bg2 Bg7 4.Nf3 O-O 5.O-O d6 6.Nc3 e5 7.d4 Nbd7 8.e4 a6
9.h3 exd4 10.Nxd4 Ne5 11.b3 c5 12.Nc2 Rb8 13.f4 Nc6 14.Be3 Nh5 15.Qd2 Qa5
16.b4 cxb4 17.Nd5 b3 18.Ne7+ Kh8 19.Qxd6 bxc2 20.Nxc6 bxc6 21.Qxb8 Nxg3 22.Qb3 Ne2+
23.Kh2 Bxa1 24.Rxa1 c1=Q 25.Bxc1 Nxc1 26.Qb2+ Kg8 27.Rxc1 Rd8 28.Qf6 Be6
29.Rc3 Qc7 30.a3 c5 31.e5 Rd2 32.Qg5 Qd8 33.Qg3 Rd1 34.Qe3 Qd4 35.Qf3 h5
36.Re3 Bxc4 37.f5 Bd5 38.Qg3 Bxg2 39.fxg6 Rd2 40.gxf7+ Kxf7 41.e6+ Kf6 42.h4 Bf3+  0-1

[Event "Anibal op 5th"]
[Site "Linares"]
[Date "1998.01.22"]
[Round "3"]
[White "Marin, Mihail"]
[Black "Moreno, Javier"]
[Result "1/2-1/2"]
[WhiteElo "2545"]
[BlackElo "2425"]

1.Nf3 Nf6 2.c4 g6 3.g3 Bg7 4.Bg2 O-O 5.O-O d6 6.Nc3 c6 7.d4 Qb6 8.e4 Bg4
9.Rb1 c5 10.d5 Qb4 11.Qd3 Bxf3 12.Bxf3 Nfd7 13.a3 Ne5 14.axb4 Nxd3 15.bxc5 Nxc5
16.Bg5 Bxc3 17.bxc3 Re8 18.Be3 Nbd7 19.Bd4 Rec8 20.Rfe1 Rc7 21.Bg2 e5 22.dxe6 Nxe6
23.f4  1/2-1/2

[Event "DEN-chT 9798"]
[Site "Denmark"]
[Date "1998.02.01"]
[Round "5"]
[White "Buch, Carsten"]
[Black "Borbjerggaard, Lars"]
[Result "1-0"]
[WhiteElo "2245"]
[BlackElo "2350"]

1.c4 Nf6 2.g3 g6 3.Bg2 Bg7 4.Nf3 O-O 5.O-O d6 6.Nc3 Nc6 7.d3 a6 8.Rb1 Rb8
9.b4 b5 10.cxb5 axb5 11.a4 bxa4 12.Qxa4 Qd7 13.b5 Nd8 14.Nd4 Bb7 15.Nc6 Ra8
16.Qc4 e6 17.Nb4 Bxg2 18.Kxg2 d5 19.Qc5 Ne8 20.Bd2 Nd6 21.Nc6 d4 22.Ne4 Nxe4
23.dxe4 Nb7 24.Qc2 e5 25.Rfc1 f5 26.Bb4 Rf7 27.Ra1 Rxa1 28.Rxa1 Nd6 29.Ra8+ Rf8
30.Qa2+ Qf7 31.Bxd6 Qxa2 32.Rxa2 cxd6 33.b6 fxe4 34.b7 d3 35.exd3 exd3 36.Ne7+  1-0

[Event "Hoogovens"]
[Site "Wijk aan Zee"]
[Date "1998.02.01"]
[Round "13"]
[White "Van der Sterren, Paul"]
[Black "Nijboer, Friso"]
[Result "1/2-1/2"]
[WhiteElo "2550"]
[BlackElo "2580"]

1.Nf3 Nf6 2.c4 g6 3.g3 Bg7 4.Bg2 O-O 5.O-O d6 6.d4 Nc6 7.Nc3 Rb8 8.h3 a6
9.e4 b5 10.e5 dxe5 11.dxe5 Qxd1 12.Rxd1 Nd7 13.e6 fxe6 14.cxb5 axb5 15.Bf4 b4
16.Na4 Nb6 17.Nxb6 Rxb6 18.Rac1 Bxb2 19.Bxc7 Ra6 20.Rc4 e5 21.Ng5 Nd4 22.Rxb4 Ne2+
23.Kh1 Bd4 24.Rb8 Nc3 25.Rd2 h6 26.Nf3 Ne4 27.Nxd4 Nxd2 28.Bxe5 e6 29.Bf4 Rxa2
30.Bxh6 Rxf2 31.Rxc8+ Kh7 32.Bf4 Ne4 33.Be5 Nxg3+ 34.Bxg3 Rxg2 35.Be5 g5
36.h4 Rgd2 37.Rh8+ Kg6 38.h5+ Kf7 39.Rh7+ Kf8 40.Rh8+ Kf7 41.Rh7+ Kf8 42.Nxe6+ Ke8
43.Nc7+ Kd8 44.Ne6+  1/2-1/2

[Event "Oberliga Wuert9798"]
[Site "Wuerttemberg"]
[Date "1998.02.01"]
[Round "7"]
[White "Jurek, Josef"]
[Black "Bauer, Peter"]
[Result "1-0"]
[WhiteElo "2415"]
[BlackElo "2255"]

1.Nf3 Nf6 2.c4 g6 3.g3 Bg7 4.Bg2 O-O 5.d4 d6 6.Nc3 Nbd7 7.O-O e5 8.e4 exd4
9.Nxd4 Re8 10.h3 Nc5 11.Re1 a5 12.Qc2 Bd7 13.Be3 Qc8 14.g4 h5 15.f3 Ne6 16.Nde2 Bc6
17.Rac1 hxg4 18.hxg4 Nd7 19.Nd5 Qd8 20.Qd2 Qh4 21.b3 Be5 22.f4 Qxg4 23.fxe5 Bxd5
24.cxd5 Nxe5 25.Rf1 Nc5 26.Bxc5 dxc5 27.Rxc5 Nd7 28.Rxc7 Rxe4 29.Nc3 Rd4
30.Qe2 Qxe2 31.Nxe2 Rd2 32.Rxd7 Rxe2 33.Rfxf7 Rxa2 34.d6  1-0

[Event "CZE-chT 9798"]
[Site "CZE"]
[Date "1998.02.07"]
[Round "6"]
[White "Lipka, Juraj"]
[Black "Babula, Vlastimil"]
[Result "0-1"]
[WhiteElo "2335"]
[BlackElo "2555"]

1.Nf3 Nf6 2.c4 g6 3.g3 Bg7 4.Bg2 O-O 5.O-O d6 6.d4 Nc6 7.Nc3 a6 8.d5 Na5
9.Nd2 c5 10.Qc2 Rb8 11.b3 b5 12.Bb2 Bh6 13.f4 bxc4 14.bxc4 Ng4 15.Nd1 Rxb2
16.Qxb2 Bg7 17.Qc1 e5 18.Rb1 exf4 19.Rxf4 Re8 20.h3 Nf6 21.e4 Bh6 22.Nf2 Bxf4
23.gxf4 Nh5 24.Nd3 Qh4 25.Qe1 Qf6 26.e5 Qd8 27.Bf3 Bf5 28.Ne4 Bxe4 29.Qxe4 Ng7
30.Nf2 Qh4 31.Ng4 f5 32.exf6 Rxe4 33.Bxe4 Ne8 34.Rb8 Kf7 35.Ra8 Qe1+ 36.Kh2 Qxe4
37.Ra7+ Kf8 38.f7 Qxf4+ 39.Kg2 Nf6  0-1

[Event "FRA-chT"]
[Site "FRA"]
[Date "1998.02.08"]
[Round "3"]
[White "Anic, Darko"]
[Black "Verdier, Patrice"]
[Result "1-0"]
[WhiteElo "2455"]
[BlackElo "2315"]

1.Nf3 Nf6 2.c4 g6 3.g3 Bg7 4.Bg2 O-O 5.O-O d6 6.d4 Nc6 7.Nc3 a6 8.h3 Rb8
9.a4 Nd7 10.a5 e5 11.Bg5 f6 12.Be3 Ne7 13.dxe5 Nxe5 14.Nxe5 fxe5 15.c5 Nf5
16.cxd6 Nxd6 17.Qb3+ Kh8 18.Rad1 Qe8 19.Bc5 Be6 20.Qb4 Nf5 21.Bxf8 Bxf8 22.Qe4 Bg7
23.e3 Nd6 24.Qb4 Nc4 25.Bd5 Nd6 26.Bg2 Nc4 27.Nd5 Bxd5 28.Rxd5 Nd6 29.Rc1 Qf7
30.Rdc5 Nb5 31.Qc4 Qd7 32.Rxb5 Qxb5 33.Qxb5 axb5 34.Rxc7 e4 35.Bxe4 Bxb2
36.Bxb7 Be5 37.Rd7 Re8 38.a6 Bb8 39.Bd5  1-0

[Event "Budapest FS02 IM"]
[Site "Budapest"]
[Date "1998.02.09"]
[Round "3"]
[White "Farago, Sandor"]
[Black "Gara, Ticia"]
[Result "1-0"]
[WhiteElo "2285"]
[BlackElo "2235"]

1.Nf3 Nf6 2.c4 g6 3.g3 Bg7 4.Bg2 O-O 5.O-O c6 6.Nc3 d5 7.cxd5 cxd5 8.d4 Nc6
9.Ne5 e6 10.Nxc6 bxc6 11.Na4 Nd7 12.e4 Nb6 13.e5 Nxa4 14.Qxa4 c5 15.Be3 Bd7
16.Qa3 c4 17.Rab1 Qb6 18.b3 Rab8 19.h4 Rfc8 20.bxc4 Qxb1 21.Rxb1 Rxb1+ 22.Kh2 dxc4
23.Qxa7 Be8 24.Be4 Rb2 25.Qa6 Rbb8 26.a4 c3 27.Qa7 Rb4 28.a5 c2 29.a6 Bf8
30.Bb7 Rc3 31.Qa8 Rxe3 32.Qc8 Ra3 33.Qxc2 Rba4 34.Qc8 Bb5 35.d5 Bxa6 36.dxe6 Kg7
37.Qd7 Bxb7 38.Qxf7+ Kh6 39.Qxf8+ Kh5 40.Qg7 Be4 41.Qf6 Kh6 42.e7 Ra1 43.Qf4+ Kg7
44.Qf8+  1-0

[Event "Budapest FS02 IM"]
[Site "Budapest"]
[Date "1998.02.11"]
[Round "5"]
[White "Karatorossian, David"]
[Black "Kalousek, Vladimir"]
[Result "1-0"]
[WhiteElo "2375"]
[BlackElo "2120"]

1.c4 Nf6 2.g3 g6 3.Bg2 Bg7 4.Nf3 O-O 5.Nc3 d6 6.O-O e5 7.d3 Nc6 8.Rb1 a5
9.a3 Re8 10.e4 Bg4 11.h3 Bxf3 12.Bxf3 Nd4 13.Bg2 c6 14.Be3 Nd7 15.Ne2 Nc5
16.f4 Nxe2+ 17.Qxe2 Ne6 18.f5 Nd4 19.Qf2 Qf6 20.g4 g5 21.Bf3 h6 22.Kg2 a4
23.h4 gxh4 24.Rh1 Kf8 25.Qxh4 Qxh4 26.Rxh4 Ke7 27.Bxh6 Rh8 28.Rbh1 Bxh6 29.Rxh6 Rxh6
30.Rxh6 b5 31.cxb5 cxb5 32.g5 Rg8 33.Rh5 Rc8 34.f6+ Kd7 35.Bg4+ Ne6 36.g6 Rc2+  1-0

[Event "Cappelle op"]
[Site "Cappelle la Grande"]
[Date "1998.02.27"]
[Round "8"]
[White "Szekely, Peter"]
[Black "Kaminski, Marcin"]
[Result "1/2-1/2"]
[WhiteElo "2475"]
[BlackElo "2535"]

1.Nf3 Nf6 2.c4 g6 3.g3 Bg7 4.Bg2 O-O 5.d4 c6 6.Nc3 d5 7.cxd5 cxd5 8.Ne5 e6
9.O-O Nfd7 10.Nf3 Nc6  1/2-1/2

[Event "Budapest FS03 IM"]
[Site "Budapest"]
[Date "1998.03.15"]
[Round "9"]
[White "Farago, Sandor"]
[Black "Senff, Martin"]
[Result "1/2-1/2"]
[WhiteElo "2285"]
[BlackElo "2430"]

1.Nf3 Nf6 2.c4 g6 3.g3 Bg7 4.Bg2 O-O 5.O-O d6 6.d4 c6 7.Nc3 Qa5 8.e4 Bg4
9.h3 Bxf3 10.Qxf3 Nfd7 11.Be3  1/2-1/2

[Event "Vecernjakov GP"]
[Site "Sarajevo"]
[Date "1998.04.02"]
[Round "3"]
[White "Cvitan, Ognjen"]
[Black "Kozul, Zdenko"]
[Result "1/2-1/2"]
[WhiteElo "2560"]
[BlackElo "2585"]

1.Nf3 Nf6 2.c4 g6 3.g3 Bg7 4.Bg2 O-O 5.O-O c6 6.d4 d6 7.Nc3 Qa5 8.e4 Bg4
9.h3 Bxf3 10.Bxf3 Nfd7 11.Be3 Qb4  1/2-1/2

[Event "FRA-chT"]
[Site "FRA"]
[Date "1998.04.04"]
[Round "6"]
[White "Leski, Marc"]
[Black "Cramling, Pia"]
[Result "0-1"]
[WhiteElo "2425"]
[BlackElo "2535"]

1.Nf3 Nf6 2.g3 g6 3.Bg2 Bg7 4.c4 O-O 5.d4 d6 6.Nc3 c6 7.O-O Qa5 8.e4 e5 9.h3 Nbd7
10.Re1 exd4 11.Nxd4 Ne5 12.Bf1 Re8 13.Be3 Be6 14.Nxe6 Rxe6 15.Rb1 Nxe4 16.b4 Nxc3
17.bxa5 Nxd1 18.Rexd1 b6 19.axb6 axb6 20.Rxb6 h5 21.Kg2 Rxa2 22.Rb8+ Kh7
23.Rd8 Bh6 24.Bxh6 Kxh6 25.R1xd6 Rxd6 26.Rxd6 Rc2 27.Rd4 f5 28.Rd6 Nxc4 29.Re6 Nb6
30.Bd3 Rc5 31.Rd6 Nc8 32.Re6 Nb6 33.Rd6 Kg7 34.g4 Nd5 35.Ba6 hxg4 36.hxg4 fxg4
37.Bb7 Ne7 38.Re6 Kf7 39.Re4 Rg5 40.Rc4 c5 41.Kg3 Kf6 42.Kf4 Rh5 43.Be4 Nf5
44.Ra4 g5+ 45.Kxg4 Rh4+ 46.Kf3 Ke5  0-1